Statistics for All 50k+ Cities in Haiti with a Map

Click here to take the quiz!

General Stats

  • This quiz has been taken 254 times
  • The average score is 10 of 52

Answers on the Map

Answers color-coded by a green-red scale on the quiz's map according to % correct below.
 

Answer Stats

PopulationCity% Correct
897,859Port-au-Prince
98%
249,541Cap-Haïtien
49%
465,019Carrefour
39%
324,043Gonaïves
36%
170,289Jacmel
31%
342,694Pétion-Ville
31%
137,952Les Cayes
29%
185,494Port-de-Paix
29%
242,485Saint-Marc
28%
122,149Jérémie
25%
359,451Delmas
21%
157,296Petit-Goâve
21%
241,055Cité Soleil
20%
227,012Croix-des-Bouquets
19%
109,916Hinche
19%
181,709Léogâne
19%
56,890Anse-à-Galets
18%
94,773Aquin
16%
124,135Grand-Goâve
16%
77,574Limbé
16%
56,864Miragoâne
16%
69,071Belle-Anse
15%
96,515Ouanaminthe
15%
155,272Petite Rivière de l'Artibonite
15%
118,477Tabarre
15%
118,501Arcahaie
14%
78,896Bainet
14%
62,063Cabaret
14%
141,587Gros-Morne
14%
134,969Jean-Rabel
14%
50,150Limonade
14%
53,602Maïssade
14%
63,278Plaisance
14%
105,808Saint-Louis-du-Nord
14%
56,274Thomonde
14%
57,697Bassin-Bleu
13%
165,424Dessalines
13%
67,933Marigot
13%
88,899Mirebalais
13%
59,042Saint-Louis-du-Sud
13%
136,876Saint-Michel-de-l'Atalaye
13%
69,189Torbeck
13%
52,232Kenscoff
12%
57,496Thomassique
12%
50,844Acul-du-Nord
11%
78,765Belladère
11%
51,410Cerca-la-Source
11%
131,693Verrettes
11%
50,952Boucan-Carré
10%
56,869Ganthier
10%
60,860Borgne
9%
54,254Cornillon
8%

Score Distribution

Percentile by Number Answered

Percent of People with Each Score

Your Score History

You have not taken this quiz